| 000 | 00750nam a2200253 a 4500 | ||
|---|---|---|---|
| 001 | 29177 | ||
| 003 | BD-RjUL | ||
| 005 | 20211209051400.0 | ||
| 008 | 140402s1967 ilu 001 0 eng d | ||
| 035 | _a(BD-RjUL)29262 | ||
| 040 |
_aDLC _beng _cDLC _dBD-RjUL |
||
| 041 | _aeng | ||
| 082 | 0 | 0 |
_a155.28 _bKLP 1967 |
| 100 | 1 |
_aKleinmuntz, Benjamin. _989074 |
|
| 245 | 1 | 0 |
_aPersonality measurement : _ban introduction / _cBenjamin Kleinmuntz. |
| 260 |
_aHomewood, Ill : _bDorsey Press, _cc1967. |
||
| 300 |
_axiii, 463 p. ; _c24 cm. |
||
| 504 | _aBibliography: p.399-445 | ||
| 504 | _aIncludes index. | ||
| 650 | 0 |
_aPersonality assessment. _95570 |
|
| 650 | 0 |
_aPsychometrics. _95211 |
|
| 830 | 0 |
_aDorsey series in psychology _989079 |
|
| 942 |
_2ddc _cBK |
||
| 999 |
_c29177 _d29177 |
||